The princess and the pea / (Record no. 105819)
[ view plain ]
| 000 -LEADER | |
|---|---|
| fixed length control field | 00396nam a2200145 a 4500 |
| 005 - DATE AND TIME OF LATEST TRANSACTION | |
| control field | 20140412111415.0 |
| 008 - FIXED-LENGTH DATA ELEMENTS--GENERAL INFORMATION | |
| fixed length control field | 070718s19uu xx 00 eng d |
| 020 ## - INTERNATIONAL STANDARD BOOK NUMBER | |
| International Standard Book Number | 0-7460-6324-5 |
| 050 ## - LIBRARY OF CONGRESS CALL NUMBER | |
| Classification number | ER |
| Item number | Pr93 2004 |
| 100 ## - MAIN ENTRY--PERSONAL NAME | |
| Personal name | Andersen, Hans Christian |
| 245 ## - TITLE STATEMENT | |
| Title | The princess and the pea / |
| Statement of responsibility, etc | Hans Christian Andersen. |
| 260 ## - PUBLICATION, DISTRIBUTION, ETC. (IMPRINT) | |
| Place of publication, distribution, etc | U.S.A : |
| Name of publisher, distributor, etc | Usborne Pub, |
| Date of publication, distribution, etc | 2004. |
| 300 ## - PHYSICAL DESCRIPTION | |
| Extent | 48 |
| Withdrawn status | Lost status | Damaged status | Home library | Current library | Shelving location | Date acquired | Source of acquisition | Total Checkouts | Full call number | Barcode | Date last seen | Price effective from | Koha item type |
|---|---|---|---|---|---|---|---|---|---|---|---|---|---|
| Elizalde Library | Elizalde Library | Easy Reading Section | 07/18/2007 | ER Pr93 2004 | E10734 | 04/12/2014 | 04/12/2014 | Books |